000 00828cam a2200217 4500
008 000000n2000 000 0 eng u
020 _a1899769285
035 _a(Sirsi) u105285
050 _a332.6324
100 _aDixon, Tim
110 _aCollege of Estate Management
_9400
245 _aDestination UK : international property investment and the role of taxation.
260 _aReading
_bCollege of Estate Management
_c2000
300 _axii,144p. ; 30cm.
350 _a30.00
520 _aThe research, carried out under the auspices of the Investment Property Forum, is based on an international survey of foreign investors and their advisers.
650 _aOVERSEAS INVESTORS
650 _aFOREIGN INVESTMENT
690 _aPROPERTY-COMMERCIAL PROPERTY-COMMERCIAL PROPERTY FINANCE AND INVESTMENT
942 _n0
999 _c100347
_d100347